000
00203 a2200097 4500
001
45840
100
_a
Purnell
245
_a
What can I do to day
260
_a
London
_b
Purnell
_c
090
_c
28951
_d
28951
942
_a
NUST-CAE
_c
M
_c
21059
999
_c
280913
_d
280913